Top 10 Smallest Countries - Sudden Death - Statistics

General Stats
  • This quiz has been taken 307 times
  • The average score is 3 of 10
Answers on the Grid
Answers color-coded by a green-red scale on the quiz's grid according to % correct below.
Vatican City
Andorra
Grenada
Tuvalu
Seychelles
Liechtenstein
Nauru
Kiribati
Monaco
Marshall Islands
Palau
Dominica
St. Kitts and Nevis
Tonga
San Marino
Malta
Barbados
Maldives
Singapore
Bahrain
 
Answer Stats
Answer % Correct
Vatican City
99%
Monaco
42%
San Marino
34%
Nauru
29%
Liechtenstein
27%
Tuvalu
20%
St. Kitts and Nevis
13%
Malta
10%
Marshall Islands
8%
Maldives
7%
No matching quizzes found
Score Distribution
Percent of People with Each Score
Percentile by Number Answered
Your Score History
You have not taken this quiz